Valtioiden kansalliseläimiä - Statistics

Yleistilastot
  • Tätä visaa on pelattu 501 kertaa
  • Keskiarvotulos 11 / 24
Vastaustilastot
Valtio Eläin % Oikein
Suomi (kansallisnisäkäs) Karhu
96%
Australia (kansallisnisäkäs) Punajättikenguru
89%
Suomi (kansallislintu) Laulujoutsen
85%
Yhdysvallat (kansalliseläin) Valkopäämerikotka
78%
Ruotsi Hirvi
72%
Kenia Leijona
64%
Intia (kansalliseläin) Intiantiikeri
63%
Thaimaa Aasiannorsu
59%
Australia (kansallislintu) Emu
59%
Kiina Isopanda
59%
Espanja Härkä
46%
Italia Italiansusi
41%
Uusi-Seelanti Kiivi
41%
Kanada Kanadanmajava
34%
Saudi-Arabia Dromedaari
32%
Ranska Galliankukko
32%
Yhdysvallat (kansallisnisäkäs) Biisoni
30%
Madagaskar Rengashäntämaki
22%
Etelä-Afrikka Hyppyantilooppi
18%
Intia (kansallislintu) Riikinkukko
18%
Bolivia Laama
17%
Kreikka Delfiini
16%
Chile (kansallislintu) Andienkondori
14%
Indonesia Komodonvaraani
10%
Ehtoja vastaavia visoja ei löytynyt
Tulosjakauma
Jokaisen tuloksen saaneiden osuus
Persentiili vastausten määrän mukaan
Tuloshistoriasi
Et ole pelannut tätä visaa